Catálogo
 En Linea

La octava maravilla : (Registro nro. 11638)

Detalles MARC
000 -CABECERA
campo de control de longitud fija 00602nam a2200193 a 4500
001 - NÚMERO DE CONTROL
campo de control 000011968
005 - FECHA Y HORA DE LA ÚLTIMA TRANSACCIÓN
campo de control 20240530073913.0
008 - DATOS DE LONGITUD FIJA--INFORMACIÓN GENERAL
campo de control de longitud fija 091102t1943 dr 000 f spa d
040 ## - FUENTE DE LA CATALOGACIÓN
Centro catalogador/agencia de origen DO-SdBNP
Lengua de catalogación spa
Centro/agencia transcriptor BNPHU
082 ## - NÚMERO DE LA CLASIFICACIÓN DECIMAL DEWEY
Número de clasificación RD863.42
Número de documento/Ítem H519o
049 ## - FONDOS LOCALES (OCLC)
Fondos de biblioteca BNPD
100 1# - ENTRADA PRINCIPAL--NOMBRE DE PERSONA
Nombre de persona Henríquez Castillo, Luis
9 (RLIN) 19632
245 13 - MENCIÓN DE TÍTULO
Título La octava maravilla :
Resto del título novela /
Mención de responsabilidad, etc. Luis Henríquez Castillo.
260 ## - PUBLICACIÓN, DISTRIBUCIÓN, ETC.
Lugar de publicación, distribución, etc. Santiago de los Caballeros :
Nombre del editor, distribuidor, etc. El Diario,
Fecha de publicación, distribución, etc. 1943.
300 ## - DESCRIPCIÓN FÍSICA
Extensión 260 p. ;
Dimensiones 21 cm.
650 #0 - PUNTO DE ACCESO ADICIONAL DE MATERIA--TÉRMINO DE MATERIA
Término de materia o nombre geográfico como elemento de entrada Novela dominicana
9 (RLIN) 223
650 #0 - PUNTO DE ACCESO ADICIONAL DE MATERIA--TÉRMINO DE MATERIA
Término de materia o nombre geográfico como elemento de entrada Literatura dominicana.
9 (RLIN) 67
910 ## - DATOS DE OPCIÓN DEL USUARIO (OCLC)
Datos de opción del usuario Validado. Control de calidad EMS.
Existencias
Estado de retiro Estado de pérdida Restricciones de uso No para préstamo Código de colección Localización permanente Ubicación/localización actual Ubicación en estantería Fecha de adquisición Número de inventario Total de préstamos Signatura topográfica completa Código de barras Fecha visto por última vez Número de copia Precio válido a partir de Tipo de ítem Koha Nota pública
        Raros y valiosos General General Depósito 08.08.2011 LF1   RD863.42 H519o 11968-40 25.06.2020 e. 3 25.06.2020 Préstamo en sala Perteneció a la biblioteca personal de Martínez Boog.
        Raros y valiosos General General Depósito 08.08.2011 LF1   RD863.42 H519o 11968-50 25.06.2020 e. 4 25.06.2020 Préstamo en sala Perteneció a la biblioteca personal de Martínez Boog.
        Raros y valiosos General General Depósito 08.08.2011 LF1   RD863.42 H519o 11968-60 25.06.2020 e. 5 25.06.2020 Préstamo en sala Perteneció a la biblioteca personal de Carlos Larrabazal Blanco.
      Excluido de préstamo Raros y valiosos Patrimonio Dominicano Patrimonio Dominicano Depósito 02.11.2009 LF1   RD863.42 H519o 11968-10 25.06.2020   25.06.2020 No se presta Perteneció a la biblioteca personal de Julio Ortega Frier.
      Excluido de préstamo Raros y valiosos Patrimonio Dominicano Patrimonio Dominicano Depósito 08.08.2011 LF1   RD863.42 H519o 11968-30 25.06.2020 e. 2 25.06.2020 No se presta Perteneció a la biblioteca personal de Martínez Boog.

Con tecnología Koha